000
00320nam a2200121Ia 4500
008
210430s9999 xx 000 0 und d
082
_a
621.4021 E131 A
100
_a
T.D.Eastop
_9
13437
245
_a
Applied Thermodynamics
_c
T.D.Eastop
260
_a
India
_b
Pearson Education
_c
2008
300
_a
735p.
942
_c
BK
_2
ddc
999
_c
563946
_d
563946